| 000 | 00462nam a2200145 a 4500 | ||
|---|---|---|---|
| 001 | 000032971 | ||
| 005 | 20200930065939.0 | ||
| 008 | 110804s19uu dr 000 0 spa d | ||
| 040 |
_aDO-SdBNP _bspa _cBNPHU |
||
| 100 | 1 |
_aGarcía Alardo, Hernani _958710 |
|
| 245 | 1 | 0 |
_aChopin : _bestudio biográfico-apologético / _cHernani García Alardo. |
| 260 |
_cCiudad Trujillo, República Dominicana : _bPol Hermano, _c[194?]. |
||
| 300 |
_a53 p. ; _c21 cm. |
||
| 049 | _aBNPD | ||
| 999 |
_c32462 _d32462 |
||